| 000 | 01171naa a22003257a 4500 | ||
|---|---|---|---|
| 001 | BR8105964 | ||
| 003 | BR-BrBNA | ||
| 005 | 20240918174907.0 | ||
| 007 | ta | ||
| 008 | 230509b bl.||||| |||| 00| 0 por d | ||
| 040 |
_aBR-BrBNA _bpor _cBiblioteca Nacional de Agricultura |
||
| 041 | _a(Pt) | ||
| 072 |
_aF60 _b1850 _b3801 _b3866 |
||
| 090 | _aF60 BR8105964 | ||
| 100 | 1 | _aHaag, H.P. | |
| 100 | 1 | _aOliveira, G.D. de | |
| 100 | 1 | _aBarbosa, V. | |
| 100 | 1 | _aSilva Neto, J.M. de | |
| 245 | 1 | _aMarcha de absorcao dos nutrientes pelo tomateiro (Lycopersicum esculentum Mill.)destinado ao processamento industrial | |
| 260 | 3 |
_aCampinas, SP (Brasil): _c1981. |
|
| 500 | _aHaag, H.P.; Minami, K. (eds.) Nutricao mineral em hortalicas Campinas, SP (Brasil): 1981. p. 447-474 (BR8105964-AM)F60 | ||
| 650 | _aTOMATE | ||
| 650 | _aNUTRIENTE | ||
| 650 | _aMACROELEMENTO | ||
| 650 | _aMICROELEMENTO | ||
| 650 | _aABSORCAO | ||
| 773 | 0 |
_tNutricao mineral em hortalicas _aHaag, H.P.; Minami, K. (eds.). Fundacao Cargill, Campinas, SP (Brasil) _wF60 BR8105964 _gCampinas, SP (Brasil), 1981. p. 447-474 |
|
| 909 |
_a202404 _bLucia _c55 _dLucia Elande |
||
| 942 |
_cAM _2AGRIS |
||
| 999 |
_c314254 _d314254 |
||